00720nam a2200193 a 450000100100000000500170001000800410002702000150006804000250008304100390010808200160014710000200016324000620018324501180024526000380036330000210040153400860042265000180050800002594820200930024156.0110224s1985 mx r 000 0 spa d a9684092903 aDO-SdBNPbspacBNPHU17aspaheng2Código de idiomas MARC a306.8bY61f1 aYorbung, Betty.10aFamilies and societies survival or extinction?lEspañol13aEl futuro de la familia :bun dramático cambio en la sociedad y en la organización familiar /cBetty Yorbung. aMéxico, D. F. :bEdamex,c1985. a263 p. ;c20 cm. aTítulo de la obra en inglés :tFamilies and societies survival or extinction? 4aVida familiar